000 00470nam a2200169Ia 4500
008 240729s9999 xx 000 0 und d
022 _a1752-1424
245 0 _aIET Renewable Power Generation
260 _aUnited Kingdom
260 _bWiley
650 _a Mechanical engineering and machinery
650 _a Renewable energy sources
650 _aTechnology
856 _uhttps://doaj.org/toc/332825c035ed49948bba4b81e628cb88
942 _2ddc
942 _cDOAJEJ
999 _c72658
_d72658
945 _a1
_bMadushi Gamage
_c1
_dMadushi Gamage